Hồ Chí Minh với văn nghệ sĩ - Văn nghệ sĩ với Hồ Chí Minh. Văn xuôi. t.V, Hồ Chí Minh - Tư tưởng và tác phẩm :
Bewaard in:
| Formaat: | Sách giấy |
|---|---|
| Taal: | Vietnamese |
| Gepubliceerd in: |
H. :
Hội Nhà văn,
2012.
|
| Onderwerpen: | |
| Tags: |
Voeg label toe
Geen labels, Wees de eerste die dit record labelt!
|
| Thư viện lưu trữ: | Thư viện Trường Đại học Đà Lạt |
|---|
| LEADER | 00809nam a2200301 4500 | ||
|---|---|---|---|
| 001 | DLU120144199 | ||
| 005 | ##20121128 | ||
| 040 | # | # | |a DLU |b vie |
| 041 | # | # | |a vie |
| 044 | # | # | |a vn |
| 082 | # | # | |a 895.922 809 |b Hoc |
| 245 | # | # | |a Hồ Chí Minh với văn nghệ sĩ - Văn nghệ sĩ với Hồ Chí Minh. |n t.V, |p Hồ Chí Minh - Tư tưởng và tác phẩm : |b Văn xuôi. |
| 260 | # | # | |a H. : |b Hội Nhà văn, |c 2012. |
| 300 | # | # | |a 615 tr. ; |c 24 cm. |
| 600 | # | # | |a Hồ Chí Minh, |d 1890-1969. |
| 650 | # | # | |a Chủ tịch |z Việt Nam |v Tiểu sử. |
| 923 | # | # | |a 07/2012 |
| 990 | # | # | |a t.V |
| 991 | # | # | |a SH |
| 992 | # | # | |a 30100 |
| 994 | # | # | |a DLU |
| 900 | # | # | |a True |
| 911 | # | # | |a Đào Thị Thu Huyền |
| 925 | # | # | |a G |
| 926 | # | # | |a A |
| 927 | # | # | |a SH |
| 980 | # | # | |a Thư viện Trường Đại học Đà Lạt |